[Event "ESP-chT Primera Division 2019"]
[Site "Linares"]
[Date "2019.08.29"]
[Round "4.5"]
[White "Vazquez Torres, Adrian"]
[Black "Castellanos Rodriguez, Renier"]
[Result "0-1"]
[WhiteElo "2143"]
[BlackElo "2493"]
[Annotator "ChessBase"]
[PlyCount "92"]
[EventDate "2019.08.26"]
[EventType "team-tourn"]
[EventCountry "ESP"]
[SourceTitle "playchess.com"]
[Source "ChessBase"]
[SourceQuality "1"]
[TimeControl "5400+30"]

1. e4 {[%emt 0:00:00]} c5 {[%emt 0:00:00]} 2. Nf3 {[%emt 0:00:00]} Nc6 {[%emt 0:00:00]} 3. d4 {[%emt 0:00:00]} cxd4 {[%emt 0:00:00]} 4. Nxd4 {[%emt 0:00:05]} Qb6 {[%emt 0:00:30]} 5. Nb3 {[%emt 0:04:05]} Nf6 {[%emt 0:00:10]} 6. Bd3 {[%emt 0:02:29]} e6 {[%emt 0:02:28]} 7. O-O {[%emt 0:04:24]} d6 {[%emt 0:03:19]} 8. c4 {[%emt 0:01:39]} Ne5 {[%emt 0:11:05]} 9. Nc3 {[%emt 0:00:23]} Be7 {[%emt 0:02:04]} 10. Be3 {[%emt 0:03:47]} Qc7 {[%emt 0:00:19]} 11. Rc1 {[%emt 0:08:44]} b6 {[%emt 0:04:56]} 12. Nb5 {[%emt 0:04:15]} Qb8 {[%emt 0:00:22]} 13. Bf4 {[%emt 0:10:05]} Nfd7 {[%emt 0:06:44]} 14. Bg3 {[%emt 0:03:52]} a6 {[%emt 0:02:42]} 15. Nc3 {[%emt 0:01:53]} Bb7 {[%emt 0:04:42]} 16. f4 {[%emt 0:01:10]} Nxd3 {[%emt 0:01:06]} 17. Qxd3 {[%emt 0:00:05]} O-O {[%emt 0:05:24]} 18. f5 {[%emt 0:06:10]} Nf6 {[%emt 0:08:11]} 19. fxe6 {[%emt 0:06:45]} fxe6 {[%emt 0:00:03]} 20. Rcd1 {[%emt 0:00:56]} Rd8 {[%emt 0:03:58]} 21. Nd4 {[%emt 0:00:33]} Qc8 {[%emt 0:00:26]} 22. b3 {[%emt 0:00:18]} Rf8 {[%emt 0:09:02]} 23. Rfe1 {[%emt 0:10:56]} Rb8 {[%emt 0:16:35]} 24. Nd5 {[%emt 0:06:10]} exd5 {[%emt 0:00:40]} 25. exd5 {[%emt 0:00:02]} Qd7 {[%emt 0:01:02]} 26. Qf5 {[%emt 0:02:04]} Rbe8 {[%emt 0:04:32]} 27. Qe6+ {[%emt 0:02:31]} Qxe6 {[%emt 0:01:40]} 28. Nxe6 {[%emt 0:00:20]} Rf7 {[%emt 0:00:24]} 29. Ng5 {[%emt 0:00:16]} Bc8 {[%emt 0:01:41]} 30. Nxf7 {[%emt 0:00:50]} Kxf7 {[%emt 0:00:02]} 31. Bf2 {[%emt 0:00:54]} b5 {[%emt 0:00:59]} 32. c5 {[%emt 0:02:41]} dxc5 {[%emt 0:02:15]} 33. d6 {[%emt 0:00:01]} Bf8 {[%emt 0:00:42]} 34. Bxc5 {[%emt 0:00:09]} Be6 {[%emt 0:00:51]} 35. Bb6 {[%emt 0:02:03]} Bg4 {[%emt 0:00:21]} 36. Rxe8 {[%emt 0:00:56]} Kxe8 {[%emt 0:00:11]} 37. Rd4 {[%emt 0:00:35]} Kd7 {[%emt 0:00:07]} 38. a4 {[%emt 0:01:20]} Be6 {[%emt 0:00:16]} 39. axb5 {[%emt 0:01:19]} axb5 {[%emt 0:00:02]} 40. b4 {[%emt 0:00:33]} Bxd6 {[%emt 0:01:31]} 41. Bc5 {[%emt 0:00:07]} Nd5 {[%emt 0:00:45]} 42. Bxd6 {[%emt 0:00:29]} Kxd6 {[%emt 0:00:01]} 43. Kf2 {[%emt 0:00:34]} Ke5 {[%emt 0:00:39]} 44. Rh4 {[%emt 0:00:03]} Nf6 {[%emt 0:00:30]} 45. h3 {[%emt 0:01:52]} h5 {[%emt 0:01:47]} 46. Ke3 {[%emt 0:01:35]} g5 {[%emt 0:00:05] Kd4+} 0-1

[Event "ESP-chT Primera Division 2019"]
[Site "Linares"]
[Date "2019.08.29"]
[Round "4.6"]
[White "Oliva Castaneda, Kevel"]
[Black "Arno Bendicho, Xenia"]
[Result "1-0"]
[WhiteElo "2479"]
[BlackElo "1774"]
[Annotator "ChessBase"]
[PlyCount "85"]
[EventDate "2019.08.26"]
[EventType "team-tourn"]
[EventCountry "ESP"]
[SourceTitle "playchess.com"]
[Source "ChessBase"]
[SourceQuality "1"]
[TimeControl "5400+30"]

1. d4 {[%emt 0:00:00]} d5 {[%emt 0:00:00]} 2. c4 {[%emt 0:00:00]} e6 {[%emt 0:00:00]} 3. Nf3 {[%emt 0:00:00]} Nc6 {[%emt 0:00:06]} 4. Nc3 {[%emt 0:00:18]} Nf6 {[%emt 0:00:10]} 5. Bg5 {[%emt 0:00:38]} Be7 {[%emt 0:00:25]} 6. e3 {[%emt 0:00:07]} O-O {[%emt 0:00:23]} 7. a3 {[%emt 0:00:36]} a6 {[%emt 0:00:05]} 8. Qc2 {[%emt 0:00:28]} h6 {[%emt 0:04:24]} 9. Bh4 {[%emt 0:00:32]} b6 {[%emt 0:03:27]} 10. cxd5 {[%emt 0:01:32]} exd5 {[%emt 0:00:52]} 11. Bd3 {[%emt 0:00:26]} Bb7 {[%emt 0:11:05]} 12. b4 {[%emt 0:02:20]} Nh5 {[%emt 0:06:15]} 13. Bxe7 {[%emt 0:02:31]} Nxe7 {[%emt 0:00:09]} 14. O-O Nf6 {[%emt 0:00:55]} 15. Rac1 {[%emt 0:03:28]} Rc8 {[%emt 0:01:23]} 16. Rfd1 {[%emt 0:00:35]} Ne8 {[%emt 0:10:56]} 17. a4 {[%emt 0:01:32]} Nd6 {[%emt 0:04:15]} 18. Qe2 Ra8 19. Ne5 {[%emt 0:01:55]} c6 {[%emt 0:01:53]} 20. Bb1 {[%emt 0:03:08]} b5 {[%emt 0:05:26]} 21. Qc2 {[%emt 0:00:36]} g6 {[%emt 0:00:48]} 22. Ne2 {[%emt 0:00:54]} Nc4 {[%emt 0:00:30]} 23. Nf4 {[%emt 0:00:29]} Qd6 {[%emt 0:02:40]} 24. Qc3 {[%emt 0:01:07]} Bc8 {[%emt 0:10:39]} 25. f3 {[%emt 0:06:44]} Bd7 {[%emt 0:03:12]} 26. a5 {[%emt 0:00:31]} Rfc8 {[%emt 0:02:07]} 27. e4 {[%emt 0:00:59]} Ra7 {[%emt 0:01:35]} 28. Ned3 {[%emt 0:04:46]} Qf6 {[%emt 0:01:08]} 29. Rf1 {[%emt 0:01:09]} Qg5 {[%emt 0:02:16]} 30. Rce1 {[%emt 0:00:10]} Re8 {[%emt 0:01:34]} 31. g3 {[%emt 0:05:09]} h5 {[%emt 0:02:10]} 32. Kg2 {[%emt 0:00:33]} Kg7 {[%emt 0:01:19]} 33. Qc1 {[%emt 0:01:52]} Qh6 {[%emt 0:02:53]} 34. h4 {[%emt 0:00:07]} Be6 {[%emt 0:03:06]} 35. Nc5 {[%emt 0:00:40]} Bc8 {[%emt 0:02:15]} 36. Rf2 {[%emt 0:00:32]} Qh8 {[%emt 0:00:28]} 37. Rfe2 {[%emt 0:00:45]} Rd8 {[%emt 0:02:31]} 38. exd5 {[%emt 0:03:09]} Nxd5 {[%emt 0:00:24]} 39. Nxd5 {[%emt 0:01:43]} cxd5 {[%emt 0:00:12]} 40. Qg5 {[%emt 0:00:07]} Qf8 {[%emt 0:02:49]} 41. Re7 {[%emt 0:01:17]} Rxe7 {[%emt 0:00:23]} 42. Rxe7 {[%emt 0:00:04]} Re8 {[%emt 0:01:20]} 43. Qxg6+ {[%emt 0:00:07]} 1-0

[Event "ESP-chT Primera Division 2019"]
[Site "Linares"]
[Date "2019.08.29"]
[Round "4.7"]
[White "Andersen, Mads"]
[Black "Kokarev, Dmitry"]
[Result "1/2-1/2"]
[WhiteElo "2603"]
[BlackElo "2598"]
[Annotator "TA"]
[PlyCount "83"]
[EventDate "2019.08.26"]
[EventType "team-tourn"]
[EventCountry "ESP"]
[SourceTitle "playchess.com"]
[Source "ChessBase"]
[SourceQuality "1"]

{[%evp 16,83,31,23,20,0,0,0,0,8,0,0,16,18,20,23,26,30,68,-26,-14,-35,-35,-26,-27,-18,-31,-68,-27,-117,0,0,0,0,0,-23,-23,-23,-23,-23,-23,-23,-23,-23,-7,-39,-39,-39,-23,-23,-23,-23,-23,-23,-23,-23,-23,-23,-23,-23,-23,-23,-23,-23,-23,-23,0,-23,0,-154]} 1. d4 Nf6 2. c4 g6 3. Nf3 Bg7 4. Nc3 O-O 5. Bg5 c5 6. d5 d6 7. e3 h6 8. Bh4 g5 9. Bg3 Nh5 {E61: King's Indian: Early deviations for White, including Smyslov System} 10. Bd3 {Black should prevent Nxg5!} f5 11. Nd2 Qe8 (11... Nxg3 12. hxg3 Nd7 13. f4 Nf6 14. Qe2 gxf4 15. gxf4 Ng4 16. e4 fxe4 17. Qxe4 {0-1 (34) Indjic,A (2581)-Amin,B (2680) Abu Dhabi 2017}) 12. Be2 Nxg3 13. hxg3 Bxc3 $146 ({Predecessor:} 13... a6 14. Qc2 Nd7 15. O-O-O Qd8 16. f4 Nf6 17. fxg5 hxg5 {1-0 (28) Slipak,S (2521)-Sanchez,F (2233) Villa Martelli 1999}) 14. bxc3 {next Bh5 is good for White.} Qg6 15. Qc2 Nd7 16. O-O-O Nf6 17. f4 ({Better is} 17. f3 $14) 17... Kg7 $11 18. Rde1 e5 19. dxe6 Bxe6 20. Bd3 Rae8 21. Rhf1 Bd7 22. e4 (22. Kb2 $11) 22... fxe4 (22... gxf4 $17 23. gxf4 Qg3) 23. Nxe4 Nxe4 24. Bxe4 Qf6 25. Bxb7 (25. Qd3 {is more complex.} Bc6 26. Kc2 gxf4 27. Rxf4 Qe6 28. Bxc6 Qxe1 29. Bxe8 Rxe8 30. Rg4+) 25... Rxe1+ 26. Rxe1 gxf4 27. gxf4 Qxf4+ 28. Qd2 $1 Qxd2+ ({But not} 28... Qxc4 $2 29. Re7+ Rf7 {[#]} 30. Bd5 $1 $18 {[%mdl 512]}) 29. Kxd2 {[%mdl 4096] Endgame KRB-KRB} Rf2+ 30. Re2 (30. Ke3 {is interesting.} Rxa2 31. Kf4 Kf8 32. Rh1 Ra4 33. Bd5) 30... Rxe2+ 31. Kxe2 $15 {KB-KB} Be6 32. Bd5 Bf5 33. Ke3 Kf6 34. Kf4 Bd3 35. g3 Bf1 36. a3 Bd3 37. Ke3 Bg6 38. Kf4 Bf5 39. Bf3 Be6 40. Be2 Bc8 41. Bf3 Be6 42. Ke4 $2 {Accuracy: White = 49%, Black = 72%.} (42. Be2 $11) 1/2-1/2

[Event "ESP-chT Primera Division 2019"]
[Site "Linares"]
[Date "2019.08.29"]
[Round "4.8"]
[White "Volkov, Sergey"]
[Black "Salgado Lopez, Ivan"]
[Result "1/2-1/2"]
[WhiteElo "2547"]
[BlackElo "2596"]
[Annotator "ChessBase"]
[PlyCount "88"]
[EventDate "2019.08.26"]
[EventType "team-tourn"]
[EventCountry "ESP"]
[SourceTitle "playchess.com"]
[Source "ChessBase"]
[SourceQuality "1"]
[TimeControl "5400+30"]

1. d4 {[%emt 0:00:00]} Nf6 {[%emt 0:00:00]} 2. c4 {[%emt 0:00:00]} e6 {[%emt 0:00:00]} 3. Nf3 {[%emt 0:00:12]} d5 {[%emt 0:00:39]} 4. Nc3 {[%emt 0:00:10]} Nbd7 {[%emt 0:01:17]} 5. cxd5 {[%emt 0:01:44]} exd5 {[%emt 0:00:12]} 6. Bf4 {[%emt 0:00:35]} c6 {[%emt 0:01:26]} 7. h3 {[%emt 0:02:50]} Nb6 {[%emt 0:02:37]} 8. e3 {[%emt 0:03:20]} Bf5 {[%emt 0:00:20]} 9. Ne5 {[%emt 0:01:34]} Nfd7 {[%emt 0:04:34]} 10. Bd3 {[%emt 0:05:21]} Bxd3 {[%emt 0:00:56]} 11. Nxd3 {[%emt 0:00:08]} Be7 {[%emt 0:01:21]} 12. O-O {[%emt 0:00:34]} a5 {[%emt 0:02:16]} 13. Na4 {[%emt 0:11:41]} Nxa4 {[%emt 0:05:50]} 14. Qxa4 {[%emt 0:00:13]} O-O {[%emt 0:00:16]} 15. Qb3 {[%emt 0:03:03]} Ra7 {[%emt 0:01:27]} 16. a4 {[%emt 0:00:46]} Nf6 {[%emt 0:03:08]} 17. Rac1 {[%emt 0:03:34]} Ne4 {[%emt 0:01:38]} 18. Rc2 {[%emt 0:02:17]} Re8 {[%emt 0:02:57]} 19. f3 {[%emt 0:15:31]} Ng5 {[%emt 0:13:58]} 20. Kh1 {[%emt 0:05:59]} Ne6 {[%emt 0:00:48]} 21. Bh2 {[%emt 0:01:20]} Bf8 {[%emt 0:00:45]} 22. Bg1 {[%emt 0:02:54]} Re7 {[%emt 0:09:47]} 23. Qc3 {[%emt 0:08:24]} Ra8 {[%emt 0:07:49]} 24. Re2 {[%emt 0:02:54]} Rc8 {[%emt 0:06:11]} 25. e4 {[%emt 0:01:38]} b6 {[%emt 0:03:31]} 26. Rc1 {[%emt 0:06:58]} Re8 {[%emt 0:01:08]} 27. Rec2 {[%emt 0:01:36]} Rc7 {[%emt 0:06:36]} 28. Ne5 {[%emt 0:03:06]} c5 {[%emt 0:02:49]} 29. Qb3 {[%emt 0:00:37]} dxe4 {[%emt 0:03:37]} 30. Qxb6 {[%emt 0:02:44]} f6 {[%emt 0:05:21]} 31. Ng4 {[%emt 0:03:46]} exf3 {[%emt 0:00:58]} 32. dxc5 {[%emt 0:01:06]} h5 {[%emt 0:03:01]} 33. Re1 {[%emt 0:02:03]} fxg2+ {[%emt 0:03:45]} 34. Rxg2 {[%emt 0:01:12]} hxg4 {[%emt 0:00:15]} 35. Rxe6 {[%emt 0:00:18]} gxh3 {[%emt 0:00:22]} 36. Rxe8 {[%emt 0:01:20]} hxg2+ {[%emt 0:00:07]} 37. Kh2 {[%emt 0:01:18]} Qxe8 {[%emt 0:01:37]} 38. Qxc7 {[%emt 0:00:05]} Qxa4 {[%emt 0:01:11]} 39. c6 {[%emt 0:04:26]} Qh4+ {[%emt 0:03:48]} 40. Kxg2 {[%emt 0:00:03]} Qe4+ {[%emt 0:00:07]} 41. Kf1 {[%emt 0:01:20]} Qb1+ {[%emt 0:01:19]} 42. Kg2 {[%emt 0:00:30]} Qe4+ {[%emt 0:00:02]} 43. Kf1 {[%emt 0:00:04]} Qb1+ {[%emt 0:01:06]} 44. Kg2 {[%emt 0:00:01]} Qe4+ {[%emt 0:00:36]} 1/2-1/2

[Event "ESP-chT Primera Division 2019"]
[Site "Linares"]
[Date "2019.08.29"]
[Round "4.9"]
[White "Martins, David Pires Tavares"]
[Black "Cuenca Jimenez, Jose Fernando"]
[Result "1-0"]
[WhiteElo "2427"]
[BlackElo "2515"]
[Annotator "ChessBase"]
[PlyCount "121"]
[EventDate "2019.08.26"]
[EventType "team-tourn"]
[EventCountry "ESP"]
[SourceTitle "playchess.com"]
[Source "ChessBase"]
[SourceQuality "1"]
[TimeControl "5400+30"]

1. d4 {[%emt 0:00:00]} d5 {[%emt 0:00:15]} 2. c4 {[%emt 0:00:00]} e6 {[%emt 0:00:09]} 3. Nc3 {[%emt 0:00:00]} Nf6 {[%emt 0:00:55]} 4. cxd5 {[%emt 0:00:00]} exd5 {[%emt 0:00:09]} 5. Bg5 {[%emt 0:00:09]} Be7 {[%emt 0:00:18]} 6. e3 {[%emt 0:00:12]} c6 {[%emt 0:00:12]} 7. Qc2 {[%emt 0:01:03]} Nbd7 {[%emt 0:00:37]} 8. Nf3 {[%emt 0:02:41]} Nh5 {[%emt 0:01:26]} 9. h4 {[%emt 0:01:35]} Ndf6 {[%emt 0:03:16]} 10. Ne5 {[%emt 0:02:40]} h6 {[%emt 0:08:31]} 11. Be2 {[%emt 0:00:58]} hxg5 {[%emt 0:03:43]} 12. hxg5 {[%emt 0:00:12]} Nd7 {[%emt 0:21:15]} 13. Nxd7 {[%emt 0:25:25]} Qxd7 {[%emt 0:07:19]} 14. g6 {[%emt 0:02:44]} Qf5 {[%emt 0:02:29]} 15. Qxf5 {[%emt 0:07:00]} Bxf5 {[%emt 0:00:09]} 16. Rxh5 {[%emt 0:00:52]} Rxh5 {[%emt 0:01:00]} 17. gxf7+ {[%emt 0:00:22]} Kd7 {[%emt 0:01:54]} 18. Bxh5 {[%emt 0:00:08]} Rh8 {[%emt 0:01:46]} 19. Bd1 {[%emt 0:00:09]} Rh1+ {[%emt 0:10:08]} 20. Kd2 {[%emt 0:00:20]} Be6 {[%emt 0:10:27]} 21. Rb1 {[%emt 0:07:08]} Rh2 {[%emt 0:15:46]} 22. Bf3 {[%emt 0:01:05]} g5 {[%emt 0:00:01]} 23. Rg1 {[%emt 0:03:43]} Bd6 {[%emt 0:05:12]} 24. Ke1 {[%emt 0:03:33]} g4 {[%emt 0:01:02]} 25. Bd1 {[%emt 0:03:01]} Ke7 {[%emt 0:00:01]} 26. f4 {[%emt 0:00:26]} gxf3 {[%emt 0:00:52]} 27. Bxf3 {[%emt 0:00:07]} Bxf7 {[%emt 0:00:12]} 28. Kf2 {[%emt 0:01:44]} Rh8 {[%emt 0:02:36]} 29. g3 {[%emt 0:00:54]} Rh2+ {[%emt 0:00:21]} 30. Bg2 {[%emt 0:00:07]} Bg6 {[%emt 0:00:22]} 31. Rh1 {[%emt 0:00:40]} Rxh1 {[%emt 0:00:04]} 32. Bxh1 {[%emt 0:00:03]} Kf6 {[%emt 0:00:19]} 33. e4 {[%emt 0:03:43]} dxe4 {[%emt 0:00:11]} 34. Bxe4 {[%emt 0:00:07]} Bf7 {[%emt 0:00:26]} 35. a3 {[%emt 0:03:18]} Kg5 {[%emt 0:01:53]} 36. Bxc6 {[%emt 0:03:27]} Bxg3+ {[%emt 0:01:25]} 37. Kxg3 {[%emt 0:00:06]} bxc6 {[%emt 0:00:00]} 38. Ne4+ {[%emt 0:09:37]} Kf5 {[%emt 0:00:01]} 39. Nd6+ {[%emt 0:00:06]} Ke6 {[%emt 0:00:01]} 40. Nxf7 {[%emt 0:00:06]} Kxf7 {[%emt 0:00:01]} 41. Kf4 {[%emt 0:00:06]} Ke6 {[%emt 0:00:08]} 42. Ke4 {[%emt 0:00:05]} a5 {[%emt 0:00:34]} 43. Kd3 {[%emt 0:00:18]} Kd5 {[%emt 0:00:17]} 44. b3 {[%emt 0:00:07]} c5 {[%emt 0:00:32]} 45. dxc5 {[%emt 0:00:06]} Kxc5 {[%emt 0:00:01]} 46. Ke4 {[%emt 0:00:08]} Kd6 {[%emt 0:04:03]} 47. Kd4 {[%emt 0:00:13]} Kc6 {[%emt 0:00:04]} 48. Kc4 {[%emt 0:00:25]} Kb6 {[%emt 0:00:57]} 49. Kd5 {[%emt 0:00:13]} a4 {[%emt 0:00:12]} 50. b4 {[%emt 0:00:07]} Kb5 {[%emt 0:00:01]} 51. Ke5 {[%emt 0:01:56]} Kc4 {[%emt 0:01:15]} 52. Kd6 {[%emt 0:00:19]} Kb3 {[%emt 0:00:18]} 53. b5 {[%emt 0:00:11]} Kxa3 {[%emt 0:00:01]} 54. b6 {[%emt 0:00:06]} Ka2 {[%emt 0:00:17]} 55. b7 {[%emt 0:00:06]} a3 {[%emt 0:00:02]} 56. b8=Q {[%emt 0:00:11]} Ka1 {[%emt 0:00:02]} 57. Qc7 {[%emt 0:00:39]} Kb2 {[%emt 0:01:42]} 58. Qb6+ {[%emt 0:00:06]} Ka1 {[%emt 0:01:07]} 59. Qc5 {[%emt 0:00:09]} Ka2 {[%emt 0:00:38]} 60. Qc2+ {[%emt 0:00:10]} Ka1 {[%emt 0:00:04]} 61. Kc5 {[%emt 0:00:05]} 1-0

[Event "ESP-chT Primera Division 2019"]
[Site "Linares"]
[Date "2019.08.29"]
[Round "4.10"]
[White "Alshameary Puente, Ismael"]
[Black "Sousa, Andre Ventura"]
[Result "0-1"]
[WhiteElo "2444"]
[BlackElo "2362"]
[Annotator "NA"]
[PlyCount "110"]
[EventDate "2019.08.26"]
[EventType "team-tourn"]
[EventCountry "ESP"]
[SourceTitle "playchess.com"]
[Source "ChessBase"]
[SourceQuality "1"]
[TimeControl "5400+30"]

1. d4 {[%emt 0:00:00]} Nf6 {[%emt 0:00:00]} 2. c4 {[%emt 0:00:00]} g6 {[%emt 0:00:00]} 3. Nc3 {[%emt 0:00:00]} d5 {[%emt 0:00:00]} 4. cxd5 {[%emt 0:01:14]} Nxd5 {[%emt 0:00:00]} 5. e4 {[%emt 0:00:05]} Nxc3 {[%emt 0:00:00]} 6. bxc3 {[%emt 0:00:05]} Bg7 {[%emt 0:00:00]} 7. Nf3 {[%emt 0:01:54]} c5 {[%emt 0:00:00]} 8. Bb5+ {[%emt 0:01:56]} Nc6 {[%emt 0:00:50]} 9. Rb1 {[%emt 0:01:47]} O-O {[%emt 0:02:09]} 10. d5 {[%emt 0:00:49]} Ne5 {[%emt 0:00:19]} 11. O-O {[%emt 0:01:05]} a6 {[%emt 0:04:29]} 12. Nxe5 {[%emt 0:16:49]} axb5 {[%emt 0:00:26]} 13. f4 {[%emt 0:00:10]} Qa5 {[%emt 0:12:26]} 14. Qb3 {[%emt 0:22:37]} c4 {[%emt 0:06:02]} 15. Qxb5 {[%emt 0:20:42]} Qxc3 {[%emt 0:04:41]} 16. Qb2 {[%emt 0:02:14]} Qa5 {[%emt 0:07:18]} 17. a3 {[%emt 0:02:28]} f5 {[%emt 0:02:23]} 18. Qb4 {[%emt 0:06:18]} fxe4 {[%emt 0:12:30]} 19. Qxc4 {[%emt 0:00:53]} Qa7+ {[%emt 0:11:20]} 20. Kh1 {[%emt 0:00:07]} b5 {[%emt 0:00:09]} 21. Qe2 {[%emt 0:00:36]} Bxe5 {[%emt 0:02:24]} 22. fxe5 {[%emt 0:00:28]} Bg4 {[%emt 0:00:06]} 23. Rxf8+ {[%emt 0:03:09]} Rxf8 {[%emt 0:00:05]} 24. Qe1 {[%emt 0:02:29]} Qd4 {[%emt 0:02:29]} 25. Bh6 {[%emt 0:01:21]} Rf5 {[%emt 0:07:33]} 26. Rc1 {[%emt 0:08:37]} Rh5 {[%emt 0:05:31]} 27. Qg3 {[%emt 0:01:49]} Rxh6 28. Qxg4 Qxe5 {[%emt 0:07:41]} 29. h3 {[%emt 0:01:20]} Rh5 {[%emt 0:00:22]} 30. Qc8+ {[%emt 0:01:51]} Kg7 {[%emt 0:00:04]} 31. Qe8 {[%emt 0:00:05]} e3 {[%emt 0:02:48]} 32. Qxb5 {[%emt 0:01:37]} Qe4 {[%emt 0:01:27]} 33. Rc4 {[%emt 0:01:16]} Rxh3+ {[%emt 0:01:31]} 34. Kg1 {[%emt 0:00:01]} Qe5 {[%emt 0:00:09]} 35. gxh3 {[%emt 0:00:56]} e2 {[%emt 0:00:17]} 36. Rc1 {[%emt 0:00:08]} Qg3+ {[%emt 0:00:43]} 37. Kh1 {[%emt 0:00:01]} Qxh3+ {[%emt 0:00:05]} 38. Kg1 {[%emt 0:00:01]} Qe3+ {[%emt 0:02:05]} 39. Kg2 {[%emt 0:00:19]} Qxc1 {[%emt 0:00:09]} 40. Qxe2 {[%emt 0:00:07]} Qxa3 {[%emt 0:03:37]} 41. Qe5+ {[%emt 0:00:06]} Kf7 {[%emt 0:00:06]} 42. Qf4+ {[%emt 0:00:22]} Ke8 {[%emt 0:00:10]} 43. Qb8+ {[%emt 0:02:54]} Kd7 {[%emt 0:00:10]} 44. Qg8 {[%emt 0:00:15]} Qb2+ {[%emt 0:00:24]} 45. Kf3 {[%emt 0:00:38]} Qf6+ {[%emt 0:00:19]} 46. Ke4 {[%emt 0:00:16]} h5 {[%emt 0:00:17]} 47. Qa8 {[%emt 0:00:18]} Qc3 {[%emt 0:01:41]} 48. Qa4+ {[%emt 0:01:06]} Kd8 {[%emt 0:00:08]} 49. Qa6 {[%emt 0:00:23]} Qc2+ {[%emt 0:00:13]} 50. Ke3 {[%emt 0:00:26]} Ke8 {[%emt 0:00:49]} 51. Qa1 {[%emt 0:00:40]} Qc5+ {[%emt 0:00:37]} 52. Ke4 {[%emt 0:00:10]} Qc4+ {[%emt 0:00:05]} 53. Ke5 {[%emt 0:00:21]} Kf7 {[%emt 0:00:06]} 54. Qb2 {[%emt 0:00:50]} g5 {[%emt 0:00:53]} 55. Qf2+ {[%emt 0:00:30]} Qf4+ {[%emt 0:00:14] Kd4} 0-1

[Event "ESP-chT Primera Division 2019"]
[Site "Linares"]
[Date "2019.08.29"]
[Round "4.11"]
[White "Gomez Dieguez, David"]
[Black "Cori T., Deysi"]
[Result "1/2-1/2"]
[WhiteElo "2296"]
[BlackElo "2400"]
[Annotator "NA"]
[PlyCount "99"]
[EventDate "2019.08.26"]
[EventType "team-tourn"]
[EventCountry "ESP"]
[SourceTitle "playchess.com"]
[Source "ChessBase"]
[SourceQuality "1"]
[TimeControl "5400+30"]

1. e4 {[%emt 0:00:00]} e6 {[%emt 0:00:00]} 2. d4 {[%emt 0:00:00]} d5 {[%emt 0:00:00]} 3. Nc3 {[%emt 0:00:00]} Nf6 {[%emt 0:00:00]} 4. e5 {[%emt 0:00:00]} Nfd7 {[%emt 0:00:00]} 5. f4 {[%emt 0:00:00]} c5 {[%emt 0:00:07]} 6. Nf3 {[%emt 0:00:00]} Nc6 {[%emt 0:00:20]} 7. Be3 {[%emt 0:00:00]} Be7 {[%emt 0:05:24]} 8. Qd2 {[%emt 0:00:02]} O-O {[%emt 0:04:52]} 9. dxc5 {[%emt 0:00:04]} Bxc5 {[%emt 0:03:40]} 10. O-O-O {[%emt 0:00:16]} Rb8 {[%emt 0:17:53]} 11. Nb5 {[%emt 0:18:24]} Qa5 {[%emt 0:11:42]} 12. Bxc5 {[%emt 0:10:33]} Qxd2+ {[%emt 0:00:56]} 13. Kxd2 {[%emt 0:00:04]} Nxc5 {[%emt 0:00:06]} 14. c4 {[%emt 0:17:26]} dxc4 {[%emt 0:05:37]} 15. Bxc4 {[%emt 0:00:53]} a6 {[%emt 0:04:15]} 16. Nd6 {[%emt 0:02:09]} b5 {[%emt 0:01:30]} 17. Be2 {[%emt 0:00:59]} Nb4 {[%emt 0:00:43]} 18. Nd4 {[%emt 0:02:28]} Nb7 {[%emt 0:12:13]} 19. Nxc8 {[%emt 0:24:22]} Rbxc8 {[%emt 0:03:16]} 20. Rc1 {[%emt 0:04:01]} Nc5 {[%emt 0:09:32]} 21. a3 {[%emt 0:03:57]} Nd5 {[%emt 0:00:31]} 22. Bf3 {[%emt 0:01:29]} Rfd8 {[%emt 0:04:37]} 23. Rhd1 {[%emt 0:06:59]} g6 {[%emt 0:12:10]} 24. Bxd5 {[%emt 0:02:16]} Rxd5 {[%emt 0:00:08]} 25. Ke2 {[%emt 0:01:26]} Rcd8 {[%emt 0:00:51]} 26. Nc6 {[%emt 0:00:42]} Rxd1 {[%emt 0:00:42]} 27. Rxd1 {[%emt 0:00:07]} Rxd1 {[%emt 0:00:09]} 28. Kxd1 {[%emt 0:00:04]} Nd3 {[%emt 0:00:41]} 29. b4 {[%emt 0:01:20]} Nxf4 {[%emt 0:00:50]} 30. Nb8 {[%emt 0:00:52]} Nd3 {[%emt 0:00:24]} 31. Nxa6 {[%emt 0:00:23]} Nxe5 {[%emt 0:01:41]} 32. Nc7 {[%emt 0:00:22]} Nc4 {[%emt 0:00:25]} 33. Nxb5 {[%emt 0:00:04]} Kf8 {[%emt 0:00:39]} 34. Ke2 {[%emt 0:00:20]} e5 {[%emt 0:00:25]} 35. a4 {[%emt 0:01:04]} Ke7 {[%emt 0:00:16]} 36. a5 {[%emt 0:00:15]} Kd7 {[%emt 0:00:27]} 37. Kd3 {[%emt 0:01:15]} Nb2+ {[%emt 0:00:51]} 38. Kc3 {[%emt 0:02:13]} Nd1+ {[%emt 0:00:36]} 39. Kc4 {[%emt 0:00:24]} Kc6 {[%emt 0:00:07]} 40. Nc3 {[%emt 0:01:02]} Nxc3 {[%emt 0:00:45]} 41. Kxc3 {[%emt 0:00:08]} Kb5 {[%emt 0:00:10]} 42. g4 {[%emt 0:00:56]} f5 {[%emt 0:00:10]} 43. gxf5 {[%emt 0:00:30]} gxf5 {[%emt 0:00:00]} 44. Kd3 {[%emt 0:00:18]} f4 {[%emt 0:01:24]} 45. Ke4 {[%emt 0:00:43]} h5 {[%emt 0:00:20]} 46. h4 {[%emt 0:00:04]} Ka6 {[%emt 0:00:10]} 47. Kf3 {[%emt 0:00:38]} Kb5 {[%emt 0:00:05]} 48. Ke4 {[%emt 0:00:03]} Ka6 {[%emt 0:00:03]} 49. Kf3 {[%emt 0:00:04]} Kb5 {[%emt 0:00:04]} 50. Ke4 {[%emt 0:00:04]} 1/2-1/2